000 00805nam a2200289I 4500
001 51399
003 BD-RJUL
005 20211209075644.0
008 750115s1966 ENK eng c
020 _a0050023462
035 _aBD-RJUL51519
035 _a(OCoLC)01142086
035 _aGLIS00000829
040 _aM.I.T.
_beng
_cBD-RjUL
041 _aeng
082 _223
_a515
_bFLM 1966
090 _aQA300
_b.F84 1971
099 _aQA300.F84 1971
100 1 _aFlett, T.M.
_9153749
245 1 0 _aMathematical analysis /
_cT.M. Flett
260 _aNew York :
_bBarnes & Noble
_c1966
300 _a439 p. :
_bill. ;
_c22 cm.
490 1 _aUniversity mathematical texts
650 0 _aMathematical analysis.
_9153750
830 0 _aUniversity mathematical texts.
_9150921
942 _2ddc
_cBK
999 _c51399
_d51399